000 00503nam a2200181Ia 4500
003 OSt
005 20220926045313.0
006 a|||||r|||| 00| 0
007 ta
008 220923b |||||||| |||| 00| 0 eng d
037 _cGeneral Book
040 _aRTL
_cRTL
_beng
041 _2eng
_aeng
082 _aX621.275.N75<--74r, L5
245 0 _aUNITED BANK OF India
_b Annual report India United Bank,
942 _hX621.275.N75<--74r, L5
_cGB
_2CC
999 _c677215
_d677215